01351nam a2200301Ia 4500003000400000005001700004008004100021040002100062041001300083082002500096100003600121245016800157250003100325260005400356300008400410490003700494500012300531505004100654546002800695650001900723650003600742650003600778650002200814700006700836942001200903999001500915952011900930OSt20210806144640.0210310s1961 mx ad fr 001 0 spa d aCO-JMCRcCO-JMCR1 aspaheng04a332.494 /bT827c2231 aTriffin, Robert, 916711eautor13aEl caos monetario : bdel bilateralismo a la casi convertibilidad en Europa 1947-1956 / cRobert Triffin ; traducción de María Teresa Márquez de Silva Herzog a1a. edición en español aMéxico : bFondo de Cultura Económica, c1961 axviii, 370 páginas : bilustraciones y gráficas a blanco y negro ; c22 cm.0 aSección de Obras de Economía aIncluye índice analítico. Título original: Europe and the Money Muddle: from Bilateralism to Near-Convertibility0 aLa escasez mundial de dólares --  aTraducido del inglés.14a Moneda91671324aDeflación (Economía)93917224aInflación (Economía)93917324aEconomía9391741 aMárquez de Silva Herzog, María Teresa, etraductora939175 2ddccBK c8237d8237 00102ddc40708NFICaCPLbCPLd2018-04-15eDonacióno332.494 / T827cp430002786r2024-05-16 00:00:00tEj.1yBK